000 00713nam a22002657a 4500
008 130422b xxu||||| |||| 00| 0 eng d
020 _a984-32-0813-1
024 _cavailable
037 _cavailable
040 _aMbstu Library
_dMbstu Library
082 _222
_a428.1
100 _aIslam, Jahurul
110 _aAhsan, Kamrul
245 _aForms and functions of Words
250 _a1st edition
260 _aDhaka
_bFriends Books corner
_c2003
300 _a14 cm
_b476 page
_f2
_g14 cm
600 _aEnglish Language
700 _a Islam, Jahurul
710 _aAhsan, Kamrul
270 _aDkaka
_bDkaka
_dBangladesh
365 _b1751.00
_d1751.00
942 _2ddc
_cBK
999 _c179
_d179